| 000 | 01139cab a22001935a 4500 | ||
|---|---|---|---|
| 001 | L143130 | ||
| 008 | 080409s2008 xxk f 000 0 eng d | ||
| 035 | _a(Sirsi) u143130 | ||
| 041 | 0 | _aeng | |
| 100 | 1 | _aFletcher, Ian | |
| 245 | 0 | 0 |
_aBuild-to-let _bmyth or reality? |
| 260 | _c2008 | ||
| 490 |
_aProperty Forecast _v11(3) March 2008, 4-14(3) |
||
| 520 | _aReviews changes in the private rented property sector. Finds that demand in the sector is high. The largest group are those who cannot access social housing and cannot afford to buy privately. Rents have remained affordable as supply has kept pace with demand, driven by buy-to-let landlords. This in turn has encouraged developers. Expresses concerns, based on an RICS figures, that investment activity may be reducing. However developers appear to be interested in building buy-to-let accommodation as well as purpose-built student accommodation. Concludes that the future of the London market depends to a large extent on its workforce. | ||
| 590 | _aKA | ||
| 651 | 4 |
_aUnited Kingdom _y |
|
| 690 | _aPROPERTY-RESIDENTIAL PROPERTY-RESIDENTIAL PROPERTY MARKET | ||
| 942 | _n0 | ||
| 999 |
_c80069 _d80069 |
||